000 00566nam a22001817a 4500
005 20231114102912.0
008 231114b |||||||| |||| 00| 0 eng d
020 _a0702128465
041 _aEnglish
082 _a345 CAS
100 _aMilton, J and Burchell, J
_lEnglish
245 _aCases and Materials on Criminal Law /
_cJ Milton and J Burchell
250 _aFirst Edition
260 _aCape Town :
_bJuta and Company Ltd,
_c1992
300 _bxxiv, 687 pages ;
_c25,5 cm.
650 _aLegal practice
_bLaw
942 _cBK
_6ALISON_BN_VRIES
999 _c621
_d621